[Event "FRA-ch U18"]
[Site "Calvi"]
[Date "2005.04.22"]
[Round "7"]
[White "Pile, Richard"]
[Black "Huang, Hao"]
[Result "1-0"]
[WhiteElo "2259"]
[BlackElo "2091"]
[PlyCount "101"]
[EventDate "2005.04.??"]
[EventType "swiss"]
[EventRounds "9"]
[EventCountry "FRA"]
[SourceTitle "EXT 2006"]
[Source "ChessBase"]
[SourceDate "2005.11.24"]
[SourceVersion "1"]
[SourceVersionDate "2005.11.24"]
[SourceQuality "1"]

1. e4 e6 2. d4 d5 3. Nc3 Nf6 4. Bg5 Bb4 5. e5 h6 6. Be3 Ne4 7. Qg4 g6 8. a3 Bxc3+ 9. bxc3 c5 10. Bd3 Nxc3 11. dxc5 Nc6 12. Nf3 Qa5 13. 0-0 Bd7 14. Qh4 Ne7 15. Rfe1 Bc6 16. Ng5 Qa4 17. f4 Ne4 18. Bxe4 dxe4 19. Nxf7 Rh7 20. Nd6+ Kd7 21. Qh3 Nf5 22. Red1 Kc7 23. g4 Nxe3 24. Qxe3 Qxc2 25. Rd2 Qa4 26. Rd4 Qc2 27. Rc1 Qb2 28. Rb4 Qa2 29. Nc4 Bd5 30. Rb2 Bxc4 31. Rxa2 Bxa2 32. Qxe4 Rg7 33. Kf2 Rd8 34. Ke3 Bd5 35. Qb4 a6 36. Qb6+ Kc8 37. Rd1 Rc7 38. Qb1 Rg7 39. Rf1 Bc6 40. Rd1 Bd5 41. Qc2 Kc7 42. Qf2 Rf8 43. Qb2 Kc8 44. Rxd5 exd5 45. e6 Rh7 46. f5 h5 47. f6 hxg4 48. Qe5 Rh5 49. Qd6 Rxf6 50. Qd7+ Kb8 51. Qd8+ 1-0

[Event "Besancon op"]
[Site "Besancon"]
[Date "2004.12.28"]
[Round "3"]
[White "Huang, Hao"]
[Black "Charnushevich, Aliaksei"]
[Result "0-1"]
[WhiteElo "2098"]
[BlackElo "2527"]
[PlyCount "79"]
[EventDate "2004.12.27"]
[EventType "swiss"]
[EventRounds "7"]
[EventCountry "FRA"]
[SourceTitle "EXT 2006"]
[Source "ChessBase"]
[SourceDate "2005.11.24"]
[SourceVersion "1"]
[SourceVersionDate "2005.11.24"]
[SourceQuality "1"]

1. e4 c5 2. Nf3 e6 3. d4 cxd4 4. Nxd4 Nc6 5. Nc3 Qc7 6. Be2 a6 7. Be3 Nf6 8. f4 Bb4 9. Bf3 Na5 10. Nb3 Nc4 11. Qd4 d6 12. Be2 Nxe3 13. Qxe3 d5 14. e5 Ne4 15. 0-0 Nxc3 16. bxc3 Bxc3 17. Rad1 0-0 18. Rf3 Bb4 19. c3 Be7 20. Nd4 Bc5 21. Rh3 f5 22. Kh1 Bd7 23. g4 fxg4 24. Bxg4 Rae8 25. Rg1 Re7 26. Bh5 Bxd4 27. Qd3 Rf5 28. cxd4 Bb5 29. Qg3 Be8 30. Bg4 Bg6 31. Qe3 Rf8 32. Rc1 Qb6 33. Rg3 Ref7 34. Rf1 Bf5 35. Bxf5 Rxf5 36. Rfg1 R8f7 37. Qc3 Qd8 38. Qc5 Rxf4 39. Qd6 Qxd6 40. exd6 0-1

[Event "FRA-chT2b 0304"]
[Site "France"]
[Date "2004.04.03"]
[Round "10"]
[White "Hurpeau, Jean Marc"]
[Black "Huang, Hao"]
[Result "0-1"]
[WhiteElo "1983"]
[BlackElo "2120"]
[PlyCount "80"]
[EventDate "2003.10.??"]
[EventType "team"]
[EventRounds "11"]
[EventCountry "FRA"]
[SourceTitle "EXT 2005"]
[Source "ChessBase"]
[SourceDate "2004.11.15"]
[SourceVersion "1"]
[SourceVersionDate "2004.11.15"]
[SourceQuality "1"]

1. d4 e6 2. Nf3 Nf6 3. e3 d5 4. Bd3 Bd6 5. 0-0 0-0 6. Nbd2 Nbd7 7. b3 e5 8. dxe5 Nxe5 9. Be2 Qe7 10. Bb2 Ng6 11. c4 c6 12. Qc2 Bg4 13. Rfe1 Ne4 14. Nf1 Rfe8 15. Nd4 Bxe2 16. Nf5 Qg5 17. Nxd6 Bxf1 18. f4 Qxg2+ 19. Qxg2 Bxg2 20. Nxe8 Bh3 21. Nxg7 Nh4 22. Re2 Bg4 23. Rc2 f6 24. h3 Bxh3 25. Nh5 Kf7 26. Kh2 Bf5 27. Rf1 dxc4 28. bxc4 Kg6 29. Ng3 Nxg3 30. Kxg3 Bxc2 31. Kxh4 Re8 32. Bd4 b6 33. Rc1 Bd3 34. c5 b5 35. Rc3 Bc4 36. Ra3 Re7 37. Ra6 Bd5 38. Kg3 Kf5 39. Kf2 Rg7 40. a3 h5 0-1

[Event "EU-ch U16"]
[Site "Budva"]
[Date "2003.09.22"]
[Round "9"]
[White "Djokic, Vladan"]
[Black "Huang, Hao"]
[Result "1-0"]
[WhiteElo "2157"]
[BlackElo "2082"]
[PlyCount "69"]
[EventDate "2003.09.13"]
[EventType "swiss"]
[EventRounds "9"]
[EventCountry "YUG"]
[SourceTitle "CBM 096 Extra"]
[Source "ChessBase"]
[SourceDate "2003.10.22"]
[SourceVersion "2"]
[SourceVersionDate "2003.10.20"]
[SourceQuality "1"]

1. e4 e6 2. d4 d5 3. e5 c5 4. c3 Nc6 5. Nf3 Qb6 6. a3 a5 7. Bd3 Bd7 8. Bc2 Qa6 9. Be3 c4 10. h4 h6 11. h5 a4 12. Nbd2 Qb5 13. Rb1 Na5 14. Nh4 0-0-0 15. Qf3 Be8 16. Ng6 fxg6 17. Qxf8 Qd7 18. hxg6 Nb3 19. Qf3 Ne7 20. Qh5 Nf5 21. Nf3 Rf8 22. Ke2 Qe7 23. g4 Nxe3 24. fxe3 Bc6 25. Rh3 Rh8 26. Qh4 Qxh4 27. Rxh4 Rhf8 28. Rbh1 Kd7 29. g5 hxg5 30. Nxg5 Ke7 31. Rh7 Rg8 32. Nf7 Rdf8 33. Nh6 Rh8 34. Rxh8 Rxh8 35. Nf5+ 1-0

[Event "EU-ch U16"]
[Site "Budva"]
[Date "2003.09.19"]
[Round "6"]
[White "Huang, Hao"]
[Black "Ravic, Nenad"]
[Result "1/2-1/2"]
[WhiteElo "2082"]
[BlackElo "2086"]
[PlyCount "74"]
[EventDate "2003.09.13"]
[EventType "swiss"]
[EventRounds "9"]
[EventCountry "YUG"]
[SourceTitle "CBM 096 Extra"]
[Source "ChessBase"]
[SourceDate "2003.10.22"]
[SourceVersion "2"]
[SourceVersionDate "2003.10.20"]
[SourceQuality "1"]

1. e4 c5 2. Nf3 d6 3. d4 cxd4 4. Nxd4 Nf6 5. Nc3 a6 6. g3 e5 7. Nb3 Nbd7 8. a4 b6 9. Bg2 Bb7 10. 0-0 Rc8 11. Qe2 Be7 12. Nd2 Nc5 13. Nc4 Nfd7 14. Qg4 Bc6 15. Ne3 Ne6 16. Qd1 Nd4 17. Ncd5 Nf6 18. c3 Ne6 19. Re1 Nxd5 20. Nxd5 Bxd5 21. Qxd5 0-0 22. Bh3 Rc5 23. Qd3 a5 24. Be3 Rc8 25. Qd5 Nc7 26. Qc6 Ne6 27. Qxb6 Rb8 28. Qxd8 Rfxd8 29. Reb1 Nc5 30. f3 Rb3 31. Bf1 Rdb8 32. Bc1 R3b7 33. Bc4 Nb3 34. Bxb3 Rxb3 35. Kf1 f5 36. Ke2 Kf7 37. Kd3 Ke6 1/2-1/2

[Event "EU-ch U16"]
[Site "Budva"]
[Date "2003.09.15"]
[Round "3"]
[White "Huang, Hao"]
[Black "Teitelbaums, Aleksandrs"]
[Result "0-1"]
[WhiteElo "2082"]
[BlackElo "2171"]
[PlyCount "118"]
[EventDate "2003.09.13"]
[EventType "swiss"]
[EventRounds "9"]
[EventCountry "YUG"]
[SourceTitle "CBM 096 Extra"]
[Source "ChessBase"]
[SourceDate "2003.10.22"]
[SourceVersion "2"]
[SourceVersionDate "2003.10.20"]
[SourceQuality "1"]

1. e4 c5 2. Nf3 e6 3. d4 cxd4 4. Nxd4 a6 5. Bd3 Nc6 6. Nxc6 dxc6 7. 0-0 e5 8. Be3 Nf6 9. f3 Be6 10. Qe1 Bd6 11. Nd2 b5 12. Nb3 Nd7 13. Rd1 Qe7 14. Qg3 f6 15. Be2 0-0 16. Rd2 Bb4 17. c3 Bxb3 18. axb3 Bc5 19. Qf2 Bxe3 20. Qxe3 Rfc8 21. b4 a5 22. Rfd1 Nf8 23. bxa5 Rxa5 24. b4 Ra3 25. Rc2 Ne6 26. Qb6 Qa7 27. Qxa7 Rxa7 28. Bf1 Kf7 29. Rcc1 Ke7 30. c4 bxc4 31. Bxc4 Nd4 32. f4 Rb8 33. fxe5 fxe5 34. Ra1 Rxa1 35. Rxa1 Rxb4 36. Ra7+ Kf6 37. Bd3 Rb3 38. Bc4 Rc3 39. Bg8 h6 40. Kf2 Rc2+ 41. Kg3 Re2 42. Rf7+ Kg6 43. h4 Rxe4 44. h5+ Kxh5 45. Bh7 Rg4+ 46. Kh3 g6 47. Rf6 Ne2 48. g3 Rxg3+ 49. Kh2 Rg5 50. Rxc6 Nf4 51. Bg8 Kg4 52. Bb3 Kf3 53. Rc3+ Kf2 54. Bd1 Rg2+ 55. Kh1 Rg1+ 56. Kh2 Rxd1 57. Rf3+ Ke1 58. Kg1 Ke2+ 59. Kh2 Rh1+ 0-1

[Event "EU-ch U16"]
[Site "Budva"]
[Date "2003.09.14"]
[Round "2"]
[White "Romanov, Evgeny"]
[Black "Huang, Hao"]
[Result "1-0"]
[WhiteElo "2408"]
[BlackElo "2082"]
[PlyCount "87"]
[EventDate "2003.09.13"]
[EventType "swiss"]
[EventRounds "9"]
[EventCountry "YUG"]
[SourceTitle "CBM 096 Extra"]
[Source "ChessBase"]
[SourceDate "2003.10.22"]
[SourceVersion "2"]
[SourceVersionDate "2003.10.20"]
[SourceQuality "1"]

1. e4 e6 2. d4 d5 3. Nd2 Nf6 4. e5 Nfd7 5. Bd3 c5 6. c3 Nc6 7. Ngf3 cxd4 8. cxd4 Qb6 9. 0-0 Nxd4 10. Nxd4 Qxd4 11. Nf3 Qb6 12. Qa4 Qb4 13. Qc2 h6 14. Bd2 Qb6 15. Qa4 Be7 16. Ba5 Qxb2 17. a3 Bc5 18. Kh1 0-0 19. Rfb1 Qxf2 20. Be1 Qe3 21. Rb3 b5 22. Qh4 f5 23. exf6 Nxf6 24. Bh7+ Kxh7 25. Rxe3 Bxe3 26. Bb4 Re8 27. Re1 Bb6 28. Bc3 Ne4 29. Rxe4 dxe4 30. Qxe4+ Kg8 31. Qxa8 Rd8 32. Qe4 Rf8 33. Qe5 Rf7 34. Qxb5 Bd7 35. Qd3 Bc6 36. h3 Bd5 37. Bd4 Bxf3 38. Bxb6 Bxg2+ 39. Kxg2 axb6 40. Qd8+ Kh7 41. Qxb6 e5 42. a4 e4 43. Qe6 Rf4 44. a5 1-0

[Event "FRA-ch U16"]
[Site "Le Grand Bornand"]
[Date "2003.??.??"]
[Round "3.9"]
[White "Sillam, Olivier"]
[Black "Huang, Hao"]
[Result "1/2-1/2"]
[WhiteElo "2062"]
[BlackElo "1960"]
[PlyCount "33"]
[EventDate "2003.??.??"]
[EventType "swiss"]
[EventRounds "9"]
[EventCountry "FRA"]
[SourceTitle "EXT 2004"]
[Source "ChessBase"]
[SourceDate "2003.11.25"]
[SourceVersion "1"]
[SourceVersionDate "2003.11.25"]
[SourceQuality "1"]

1. d4 Nf6 2. c4 e6 3. Nc3 Bb4 4. Qc2 c5 5. dxc5 Na6 6. a3 Bxc3+ 7. Qxc3 Nxc5 8. f3 a5 9. e4 d6 10. Be3 Qc7 11. Ne2 Bd7 12. Nd4 0-0 13. Be2 Rfc8 14. Bg5 Ne8 15. 0-0 Na4 16. Qd2 Qb6 17. b3 1/2-1/2